000 00482pab a2200169 454500
008 180718b2009 xxu||||| |||| 00| 0 eng d
100 _aPiacenza, Massimiliano
245 _aVertical and horizontal economics in the electric utility industry: an integrated approach
260 _c2009
300 _ap.431-50.
362 _aSep
650 _aPower industry
700 _aVannoni, Davide
773 _aAnnals of Public and Cooperative Economics
908 _aN
909 _a83844
999 _c83844
_d83844